03330nam a2200277Ia 450000500170000000800410001704000700005804100080012808200140013610000360015024500480018625000920023426000540032630001130038050006740049350514620116750600210262965000340265065000240268465000510270865000620275970000290282170000380285085600820288885600820297020170217084813.0130821k19181928ck fr 1 spa d aCo-BoUCMbspacSandra Yazo (modificó)dSandra Yazo (modificó)0 aspa04a808.42201 aCaro, Miguel Antoniod1843-190910aObras completascde Don Miguel Antonio Caro aEdicion oficialbhecha bajo la dirección de Victor E. Caro y Antonio Gómez Restrepo aBogotá (Colombia)bImprenta nacionalc1918-1928 a5 volúmenes (xii, 439 ; xxiii, [1], 399, [1] ; li, 431, [1] ; xx, 425 ; xxiii, 459 páginas)c24 x 16 cm. aDetalles físicos: Ej.1 sin encuadernación original actualmente con encuadernación rígida (holandesa) en cartón forrado en papel. Lomo y esquinas de las tapas en tela encolada, adornos en dorado en los V.1 – 4; el V.5 sin esquinas. Guardas. Portada impresa en una sola tinta. Texto impreso en una sola columna, notas al pie de página. Márgenes amplios. Cantos decorados. Residuos de cinta pegante. V.1: Fotografía a Blanco y negro de la escultura del autor. V.3 Ej.2 ejemplar mútilo sin tapa delantera, faltan varias hojas al inicio de la obra. V.2, V.4 y V.5 Ej.2 con la encuadernación original, tapas soletas y rotas, empiezan a desencuadernarse2 aV.1: Flos poetarum – El cinco de mayo de Manzoni: Catulo : Lucrecio ; Tibulo ; Propercio ; Pseudo Galo ; Horacio ; Virgilio ; El “Cinque Maggio” -- V.2: Estudios literarios - primera serie: Carta literaria ; Aviaria Catulliana ; Afrancesamiento en literatura ; Virgilio y el nacimiento del Salvador ; Algo acerca de Horacio ; La crítica literaria ; José Eusebio Caro ; José Manuel Groot ; Fundación de la academia colombiana ; El quijote ; Virgilio -- V.3: Estudios literarios segunda serie: Miguel Antonio Caro, crítico ; Olmedo ; Joan de Castellanos ; Madrigales ; Oración de estudios ; Don Andrés Bello ; Centenario de Bello ; Centenario de Bello ; Celio Acosta ; Diego Fallón ; José María Roa Bárcena ; XIX centenario de Virgilio ; Camila (la amazona virgiliana) -- V.4: Estudios literarios tercera serie: Biografía boliviana ; Sobre el término Escuela ; Un misionero poeta ; Curiosidades literarias ; El centenario de Ricaurte ; Importantísimo descubrimiento ; Memoria histórica del general Posada ; El general Santander -- Estudios filológicos y gramaticales primera parte: Sintaxis latina ; Sintaxis general , Sintaxis particular -- V 5: Estudios filológicos y gramaticales segunda serie: Plural de los apellidos ; Reacción ortográfica ; Ortográfica Castellana ; Tratado del participio ; Diccionarios castellanos ; De la aliteración considerada como elegancia métrica ; Contradiálogo de las letras. aConsulta en sala 7aCrítica literariazColombia 7aEnsayos colombianos 7aLiteratura colombianaxColección de escritos 7aLiteratura colombianaxCrítica e interpretación, etc.1 aCaro , Victor E.eeditor1 aGómez Restrepo, Antonioeeditor41uhttps://archive.org/details/obrascompletasde01carozDisponible en línea V.141uhttps://archive.org/details/obrascompletasde02carozDisponible en línea V.2